Normal view
MARC view
- القرآن الكريم-تفسير
Entry Topical Term
001 - CONTROL NUMBER
- control field: 15329
003 - CONTROL NUMBER IDENTIFIER
- control field: JO-AjAnu
005 - DATE AND TIME OF LATEST TRANSACTION
- control field: 20230606072739.0
008 - FIXED-LENGTH DATA ELEMENTS
- fixed length control field: 230606|| aca||aabn | a|a d
040 ## - CATALOGING SOURCE
- Original cataloging agency: JO-AjAnu
- Transcribing agency: JO-AjAnu
150 ## - HEADING--TOPICAL TERM
- Topical term or geographic name entry element: القرآن الكريم-تفسير
670 ## - SOURCE DATA FOUND
- Source citation: Work cat.: (JO-AjAnu)7870: الخالدي،صلاح عبد الفتاح ، سويدان،طارق محمد/تقديم ، السيوري،رأفت كامل عيد, author 15328, اليسر في القرآن الكريم :دراسة موضوعية